000 00373nam a2200145Ia 4500
008 230917s9999||||xx |||||||||||||| ||und||
040 _e138727
_aMAIN
041 _aEnglish
082 _a005.1 G541S
100 _aGodbole, Nina
245 0 _aSoftware quality assurences: principal and practice
260 _aNew Delhi
_bNarosa
_c2004
300 _a419p. p.
942 _cBK
999 _c130675
_d130675